000 00329nam a2200133Ia 4500
008 240624s9999 xx 000 0 und d
041 _aeng
082 _a332.632042 KEN
100 _aKENNEDY DOUGLAS
245 _aSTOCHASTIC FINANCIAL MODELS
260 _c2010
_aLondon
_bChapman & Hall
300 _a264 : p.
365 _cBPS
_b27
999 _c18050
_d18050